11th Doctor Doctor Who Quiz - Statistics

General Stats
  • This quiz has been taken 747 times
  • The average score is 7 of 11
Answer Stats
Hint Answer % Correct
first companion Amy Pond
95%
time machine TARDIS
95%
last companion Clara Oswald
87%
"Whatever you do, don't - blink
86%
favorite snack fish fingers and custard
85%
played by Matt Smith
81%
his wife River Song
70%
was born on - Gallifrey
53%
Amy used to call him her - Raggedy Doctor
28%
first episode seen on The End of Time
20%
worst enemy Weeping Angels
3%
No matching quizzes found
Score Distribution
Percent of People with Each Score
Percentile by Number Answered
Your Score History
You have not taken this quiz